[Event "FIDE WCh KO"]
[Site "?"]
[Date "1998.??.??"]
[Round "?"]
[White "Anand Viswanathan"]
[Black "Karpov Anatoly"]
[Result "0-1"]
[WhiteElo "2770"]
[BlackElo "2735"]
[PlyCount "64"]
[EventDate "1998.??.??"]
[Source "www.chesslib.no"]
[SourceDate "2004.05.04"]

1. d4 d5 2. Bg5 h6 3. Bh4 c6 4. Nf3 Qb6 5. b3 Bf5 6. e3 Nd7 7. Bd3 Bxd3 8. Qxd3 e6 9. c4 Ne7 10. c5 Qa5+ 11. Nc3 b6 12. b4 Qxb4 13. O-O Nf5 14. Rfc1 bxc5 15. Rab1 c4 16. Qc2 Qa5 17. Rb7 Qa6 18. Rcb1 Bd6 19. e4 Nxh4 20. Nxh4 Rb8 21. Rxb8+ Bxb8 22. exd5 cxd5 23. Kh1 g5 24. f4 Kf8 25. Nf3 Rh7 26. Na4 Qa5 27. Qe2 f6 28. Kg1 h5 29. Nb2 Qd2 30. Na4 Kg7 31. Qe4 Qxa2 32. Rd1 Rh6 0-1

[Event "Lausanne (m/8) 71/377"]
[Site "?"]
[Date "1998.??.??"]
[Round "?"]
[White "Anand, Viswanathan"]
[Black "Karpov, Anatoly"]
[Result "0-1"]
[WhiteElo "2770"]
[BlackElo "2735"]
[PlyCount "64"]
[EventDate "1998.??.??"]
[Source "ChessBase"]
[SourceDate "1997.10.01"]

1. d4 d5 2. Bg5 h6 3. Bh4 c6 4. Nf3 Qb6 5. b3 Bf5 6. e3 e6 7. Bd3 Bxd3 8. Qxd3 Nd7 9. c4 Ne7 10. c5 Qa5+ 11. Nc3 b6 12. b4 Qxb4 13. O-O Nf5 14. Rfc1 bxc5 15. Rab1 c4 16. Qc2 Qa5 17. Rb7 Qa6 18. Rcb1 Bd6 19. e4 Nxh4 20. Nxh4 Rb8 21. Rxb8+ Bxb8 22. exd5 cxd5 23. Ng6 fxg6 24. Qxg6+ Kd8 25. Qxg7 Re8 26. Qxh6 Qa5 27. Qg5+ Kc8 28. Qg6 Rf8 29. Rc1 Qb6 30. Ne2 e5 31. Qh5 Qf6 32. Rf1 Rh8 0-1

[Event "Pardubice"]
[Site "Pardubice"]
[Date "1993.??.??"]
[Round "2"]
[White "Hodgson, Julian M"]
[Black "Chernin, Alexander"]
[Result "1/2-1/2"]
[WhiteElo "2625"]
[BlackElo "2615"]
[PlyCount "39"]
[EventDate "1993.07.??"]
[Source "ChessBase"]

1. d4 d5 2. Bg5 c6 3. Nf3 h6 4. Bh4 Qb6 5. Qc1 Bf5 6. c4 e6 7. Nc3 Be7 8. Bg3 Nf6 9. c5 Qd8 10. e3 O-O 11. Be2 b6 12. b4 a5 13. a3 Qc8 14. Na4 Nbd7 15. Ne5 Qb7 16. Nxc6 Qxc6 17. b5 Qb7 18. c6 Qa7 19. cxd7 Nxd7 20. Qb2 1/2-1/2

[Event "Wijk aan Zee"]
[Site "?"]
[Date "1996.??.??"]
[Round "?"]
[White "Adams, Mi"]
[Black "Piket, Je"]
[Result "1/2-1/2"]
[WhiteElo "2660"]
[BlackElo "2570"]
[PlyCount "39"]
[EventDate "1996.??.??"]
[Source "ChessBase"]
[SourceDate "1995.10.01"]

1. d4 d5 2. Bg5 c6 3. e3 h6 4. Bh4 Qb6 5. Qc1 Bf5 6. Nf3 e6 7. Be2 Nd7 8. Nbd2 Be7 9. Bxe7 Nxe7 10. c4 O-O 11. O-O a5 12. b3 Rfc8 13. Qa3 Qd8 14. Rfc1 Bg6 15. Qb2 c5 16. cxd5 Nxd5 17. dxc5 Rxc5 18. Rxc5 Nxc5 19. Qd4 Qf6 20. Rc1 1/2-1/2

[Event "otb"]
[Site "otb"]
[Date "2007.03.13"]
[Round "9"]
[White "Miladinovic Igor"]
[Black "Ivanisevic Ivan"]
[Result "1/2-1/2"]
[WhiteElo "2607"]
[BlackElo "2602"]
[PlyCount "32"]
[Source "www.chesslib.no"]
[SourceDate "2004.05.04"]

1. d4 d5 2. Bg5 Nd7 3. e3 Ngf6 4. Nf3 c5 5. c3 Ne4 6. Bh4 Qb6 7. Qc2 cxd4 8. exd4 Qh6 9. Bd3 g5 10. Bg3 Nxg3 11. fxg3 g4 12. Ng1 e5 13. Ne2 Bg7 14. Bf5 O-O 15. O-O Nf6 16. Qd2 Be6 1/2-1/2

[Event "Ch Serbia"]
[Site "Vrsac (Yugoslavia)"]
[Date "2007.03.14"]
[Round "10"]
[White "Ivanisevic Ivan (SCG)"]
[Black "Damljanovic Branko (SCG)"]
[Result "1/2-1/2"]
[WhiteElo "2602"]
[BlackElo "2590"]
[PlyCount "20"]
[EventDate "2007.??.??"]
[Source "www.chesslib.no"]
[SourceDate "2004.05.04"]

1. d4 d5 2. Bg5 Nd7 3. c4 dxc4 4. e4 Nb6 5. Nc3 h6 6. Be3 Nf6 7. Bxc4 Nxc4 8. Qa4+ c6 9. Qxc4 e5 10. Nf3 Be6 1/2-1/2

[Event "Vikings GM 2nd"]
[Site "York"]
[Date "2000.12.22"]
[Round "10"]
[White "Hodgson, Julian M"]
[Black "Hillarp Persson, Tiger"]
[Result "1-0"]
[WhiteElo "2640"]
[BlackElo "2549"]
[PlyCount "73"]
[EventDate "2000.12.13"]
[Source "ChessBase"]
[SourceDate "2001.03.20"]

1. d4 d5 2. Bg5 c5 3. dxc5 Nc6 4. e4 h6 5. Bh4 dxe4 6. Nc3 g5 7. Bg3 Qa5 8. Bb5 Bg7 9. Nge2 Bg4 10. Qd5 Rc8 11. Be5 Bxe5 12. Qxe5 Nf6 13. Bxc6+ Rxc6 14. Qb8+ Rc8 15. Qxb7 Qxc5 16. Nxe4 Nxe4 17. Qxe4 Bxe2 18. Qxe2 Qxc2 19. Qe3 Qc4 20. b3 Qa6 21. Qe2 Qa5+ 22. Kf1 O-O 23. h4 Rfd8 24. hxg5 Qxg5 25. Kg1 Rd2 26. Qf3 Rcc2 27. Rf1 Qb5 28. g3 Qc6 29. Qf4 e5 30. Qf5 e4 31. Qf4 Kg7 32. Rh4 Rxa2 33. Rg4+ Kf8 34. Qb8+ Ke7 35. Rg8 Ke6 36. Re8+ Kd5 37. Qe5# 1-0

[Event "32nd TCh-GRE"]
[Site "Kallithea Chalkidiki"]
[Date "2003.07.04"]
[Round "1"]
[White "Miladinovic, Igor"]
[Black "Agdestein, Simen"]
[Result "0-1"]
[WhiteElo "2609"]
[BlackElo "2571"]
[PlyCount "65"]
[EventDate "2003.07.04"]
[Source "Roberto Alvarez"]
[SourceDate "2003.07.14"]

1. d4 d5 2. Bg5 h6 3. Bh4 c6 4. Nf3 Qb6 5. Qc1 Bg4 6. Nbd2 Bxf3 7. Nxf3 g5 8. Bg3 g4 9. Bxb8 Rxb8 10. Qf4 Rd8 11. Ne5 Nf6 12. O-O-O h5 13. e3 Bh6 14. Qf5 c5 15. c3 Rg8 16. Kb1 Rg5 17. Qc2 e6 18. f4 gxf3 19. gxf3 Rg7 20. Re1 Ke7 21. Bh3 Rc8 22. Qa4 Rc7 23. Nd3 cxd4 24. cxd4 Rc3 25. Ne5 Bxe3 26. b3 Rxb3+ 27. axb3 Bxd4 28. Rd1 Bxe5 29. Rc1 Bd4 30. Rhd1 e5 31. Ka2 Qd6 32. Rxd4 exd4 33. Rd1 0-1

[Event "Koop Tjuchem"]
[Site "Groningen"]
[Date "1996.??.??"]
[Round "7"]
[White "Hodgson, Julian M"]
[Black "Akopian, Vladimir"]
[Result "1/2-1/2"]
[WhiteElo "2550"]
[BlackElo "2630"]
[PlyCount "88"]
[EventDate "1996.12.20"]
[Source "ChessBase"]
[SourceDate "1997.04.10"]

1. d4 d5 2. Bg5 c6 3. e3 h6 4. Bh4 Qb6 5. b3 Bf5 6. Nf3 e6 7. Bd3 Bxd3 8. Qxd3 Nd7 9. O-O Be7 10. Bxe7 Nxe7 11. c4 O-O 12. Nc3 Qa6 13. Rfc1 Rfd8 14. Qf1 dxc4 15. bxc4 c5 16. a4 Qc6 17. a5 Rdc8 18. Rab1 a6 19. Qd1 cxd4 20. Nxd4 Qc7 21. Ne4 Rab8 22. Qa4 Nc5 23. Nxc5 Qxc5 24. Rb6 e5 25. Nb3 Qc7 26. Nd2 Rd8 27. Ne4 Nc8 28. Rbb1 Nd6 29. c5 Nb5 30. h3 Rd5 31. c6 bxc6 32. Qc4 Rc8 33. Ra1 Qb7 34. Nc5 Qa7 35. Na4 Nd6 36. Qc3 Nb5 37. Qc4 Rd6 38. Qe4 Qe7 39. Nb6 Rcd8 40. Rxc6 Rxc6 41. Qxc6 e4 42. Rf1 Na7 43. Qc4 Nb5 44. Qc6 Na7 1/2-1/2

[Event "32nd TCh-GRE"]
[Site "Kallithea Chalkidiki"]
[Date "2003.07.09"]
[Round "7"]
[White "Miladinovic, Igor"]
[Black "Mchedlishvili, Mikheil"]
[Result "1/2-1/2"]
[WhiteElo "2609"]
[BlackElo "2566"]
[PlyCount "119"]
[EventDate "2003.07.04"]
[Source "Roberto Alvarez"]
[SourceDate "2003.07.14"]

1. d4 d5 2. Bg5 h6 3. Bh4 c6 4. Nf3 Qb6 5. Qc1 Bf5 6. e3 Nd7 7. c4 Ngf6 8. c5 e6 9. Nc3 Qd8 10. Be2 Be7 11. Bg3 O-O 12. h3 Ne4 13. Nxe4 Bxe4 14. O-O Bxf3 15. Bxf3 Bf6 16. Rd1 Re8 17. Qc2 g6 18. Rab1 Bg7 19. b4 a6 20. Rb3 e5 21. e4 dxe4 22. dxe5 exf3 23. Rbd3 Bxe5 24. Rxd7 Qf6 25. Bxe5 Rxe5 26. Qd3 fxg2 27. Rd8+ Rxd8 28. Qxd8+ Kg7 29. Qxf6+ Kxf6 30. Rd7 Re7 31. Rd6+ Kf5 32. Kxg2 h5 33. a3 g5 34. Rh6 h4 35. Rd6 Ke4 36. Rd1 Rc7 37. Rd6 f5 38. Rg6 Kf4 39. Rh6 Rg7 40. a4 Ke5 41. Rd6 Ke4 42. Rd8 g4 43. Rh8 gxh3+ 44. Kxh3 Kf3 45. Rf8 f4 46. Kxh4 Rd7 47. Rf6 Rd4 48. b5 Kxf2 49. bxa6 bxa6 50. Rxc6 Rxa4 51. Rb6 f3+ 52. Kh3 a5 53. Rb2+ Ke3 54. Kg3 Rc4 55. Rb3+ Kd4 56. Kxf3 a4 57. Rb8 Rxc5 58. Ra8 Rc4 59. Ke2 Kc3 60. Kd1 1/2-1/2

[Event "Tilburg"]
[Site "?"]
[Date "1993.??.??"]
[Round "?"]
[White "Adams, M."]
[Black "Morozevich, A."]
[Result "0-1"]
[WhiteElo "2630"]
[BlackElo "2545"]
[PlyCount "108"]
[EventDate "1993.??.??"]
[Source "ChessBase"]
[SourceDate "1993.10.01"]

1. d4 d5 2. Bg5 f6 3. Bf4 Nc6 4. Nf3 Bf5 5. c4 e5 6. cxd5 Nb4 7. e4 Bxe4 8. Qa4+ c6 9. dxe5 Bxb1 10. Rxb1 Qxd5 11. Be2 Qe4 12. O-O Qxf4 13. Rbd1 Bc5 14. Qb3 Ne7 15. Bc4 fxe5 16. a3 Nbd5 17. Bxd5 O-O-O 18. g3 Qf6 19. Be4 g5 20. Qc3 Bd4 21. Nxd4 exd4 22. Qc5 Kb8 23. Rd2 h6 24. Rfd1 Rhf8 25. b4 Rd7 26. a4 Rfd8 27. Qc4 Nc8 28. Bg2 Qe5 29. Re2 Nb6 30. Qd3 Qd6 31. Qb3 Qf6 32. Red2 a6 33. Rd3 g4 34. Qa2 Qe5 35. Qb3 h5 36. Rc1 Nd5 37. b5 Nc3 38. Rdxc3 dxc3 39. bxc6 Rc7 40. Rb1 Qe2 41. Qxc3 Rd1+ 42. Rxd1 Qxd1+ 43. Bf1 Rxc6 44. Qe5+ Qd6 45. Qxh5 Qd4 46. h3 gxh3 47. Bxh3 Rc1+ 48. Bf1 Qxa4 49. Qe5+ Ka8 50. Qe3 Rb1 51. Kg2 Qc6+ 52. f3 a5 53. Qe5 Qb6 54. Be2 Ka7 0-1

[Event "Korinthos op 6th"]
[Site "Korinthos"]
[Date "2002.07.28"]
[Round "6"]
[White "Kosic, Dragan"]
[Black "Volkov, Sergey"]
[Result "0-1"]
[WhiteElo "2537"]
[BlackElo "2636"]
[PlyCount "76"]
[EventDate "2002.07.23"]
[Source "ChessBase"]
[SourceDate "2002.09.11"]

1. d4 d5 2. Bg5 f6 3. Bh4 Nh6 4. e3 Nf5 5. Bd3 Nc6 6. Bg3 Nb4 7. Be2 Nxg3 8. hxg3 Bf5 9. Na3 e5 10. dxe5 fxe5 11. Bg4 Qd7 12. Bxf5 Qxf5 13. Rh5 Qe6 14. Nb5 O-O-O 15. Nxa7+ Kb8 16. a3 Na6 17. Nb5 g6 18. Rh1 d4 19. exd4 exd4+ 20. Qe2 Qf6 21. Rh4 c6 22. Rf4 Qg7 23. Rxd4 Rc8 24. O-O-O cxb5 25. Qxb5 Qc7 26. R1d2 Nc5 27. Ne2 Bg7 28. Rc4 Qe5 29. Kb1 Rc7 30. Nc3 Qe1+ 31. Rd1 Qxf2 32. Nd5 Rd8 33. Ka2 Rcc8 34. Qb6 Ne4 35. Qb4 Rxc4 36. Qxc4 Rxd5 37. Rxd5 Nc3+ 38. Kb3 Qb6+ 0-1

[Event "29. ch-GRE Team"]
[Site "?"]
[Date "2000.07.10"]
[Round "5"]
[White "Miladinovic Igor"]
[Black "Khenkin Igor"]
[Result "0-1"]
[WhiteElo "2538"]
[BlackElo "2622"]
[PlyCount "168"]
[EventDate "2000.??.??"]
[Source "www.chesslib.no"]
[SourceDate "2004.05.04"]

1. d4 d5 2. Bg5 h6 3. Bh4 c6 4. e3 Qb6 5. Qc1 e5 6. Nf3 exd4 7. exd4 Be7 8. Bg3 Bf5 9. Nc3 Nf6 10. Bd3 Bxd3 11. cxd3 O-O 12. O-O Nbd7 13. Nh4 Rfe8 14. Nf5 Bf8 15. Na4 Qa6 16. Qc2 g6 17. Nd6 Re6 18. Nc5 Nxc5 19. dxc5 Nh5 20. Rfe1 Rxe1+ 21. Rxe1 Qxa2 22. Be5 Qa5 23. b4 Qxb4 24. Rb1 Qg4 25. Rxb7 f6 26. h3 Qe6 27. Bc3 Nf4 28. d4 f5 29. Kf1 Bxd6 30. cxd6 Qxd6 31. Bb4 c5 32. Qxc5 Qa6+ 33. Qb5 Qxb5+ 34. Rxb5 a6 35. Rb6 Kf7 36. Rb7+ Kg8 37. Rb6 a5 38. Bd2 g5 39. g3 Nxh3 40. Rxh6 g4 41. Rd6 a4 42. Rxd5 a3 43. Rxf5 a2 44. Bc3 Ra3 45. Ba1 Rb3 46. Ke2 Rb1 47. Bc3 Rc1 48. Ra5 Rxc3 49. Rxa2 Ng1+ 50. Kd2 Rf3 51. Ke1 Rd3 52. Ra1 Rxd4 53. Kf1 Nf3 54. Kg2 Kf7 55. Ra7+ Kf6 56. Ra6+ Kf5 57. Ra1 Rb4 58. Ra5+ Ke4 59. Ra1 Ne5 60. Re1+ Kd4 61. Rh1 Rb2 62. Ra1 Rb4 63. Ra8 Nf3 64. Rd8+ Ke4 65. Re8+ Kd3 66. Rd8+ Ke2 67. Re8+ Kd2 68. Rd8+ Rd4 69. Re8 Ra4 70. Rd8+ Ke2 71. Re8+ Kd3 72. Rd8+ Rd4 73. Re8 Kc2 74. Rf8 Ne1+ 75. Kg1 Nd3 76. Rf6 Ra4 77. Re6 Kd2 78. Rd6 Ra1+ 79. Kg2 Kc3 80. Rc6+ Kd4 81. Rd6+ Ke4 82. Re6+ Kf5 83. Re3 Ne1+ 84. Kf1 Nc2+ 0-1

[Event "Las Vegas Open 5'"]
[Site "Las Vegas, NV USA"]
[Date "1995.??.??"]
[Round "3"]
[White "Hodgson, Julian M"]
[Black "Dlugy, Maxim"]
[Result "0-1"]
[WhiteElo "2615"]
[BlackElo "2545"]
[PlyCount "124"]
[EventDate "1995.??.??"]
[Source "www.chesslib.no"]
[SourceDate "2004.05.04"]

1. d4 d5 2. Bg5 c5 3. e4 h6 4. Bf4 cxd4 5. Qxd4 Nc6 6. Bb5 Qa5+ 7. Nc3 Qxb5 8. Nxb5 Nxd4 9. Nxd4 g5 10. Bg3 Nf6 11. Nb5 Nxe4 12. Nc7+ Kd7 13. Nxa8 Nxg3 14. hxg3 b5 15. a4 b4 16. a5 Kc6 17. Nf3 Bg7 18. O-O-O e5 19. Nc7 Kxc7 20. Rxd5 Kc6 21. Rhd1 Bg4 22. Rd8 e4 23. Rxh8 Bxh8 24. Nd4+ Kc5 25. Nb3+ Kc6 26. Rd8 Be5 27. Rf8 f5 28. Rf7 f4 29. gxf4 gxf4 30. Kd2 a6 31. Rh7 Bxb2 32. Rxh6+ Kd5 33. Rxa6 Bc3+ 34. Kc1 e3 35. fxe3 fxe3 36. Ra8 e2 37. Rd8+ Kc6 38. Re8 e1=Q+ 39. Rxe1 Bxe1 40. a6 Kb6 41. Nd4 Bc3 42. Nb3 Kxa6 43. Nc5+ Kb5 44. Ne4 Kc4 45. Nd6+ Kd5 46. Nb5 Bd7 47. Nc7+ Kc6 48. Na6 Kb6 49. Nb8 Bb5 50. g4 Kc7 51. g5 Kxb8 52. g6 Be8 53. g7 Bxg7 54. c4 bxc3 55. Kc2 Bg6+ 56. Kb3 c2 57. Kc4 c1=Q+ 58. Kd5 Qc7 59. Ke6 Qe5+ 60. Kd7 Bf5+ 61. Kd8 Qc7+ 62. Ke8 Bg6# 0-1

[Event "Zlatibor"]
[Site "?"]
[Date "2006.08.28"]
[Round "3"]
[White "Miladinovic Igor"]
[Black "Predojevic Borki"]
[Result "1/2-1/2"]
[WhiteElo "2584"]
[BlackElo "2569"]
[PlyCount "55"]
[EventDate "2006.??.??"]
[Source "www.chesslib.no"]
[SourceDate "2004.05.04"]

1. d4 d5 2. Bg5 h6 3. Bh4 c6 4. Nf3 Qb6 5. Qc1 Bf5 6. e3 e6 7. c4 Be7 8. Bxe7 Nxe7 9. Nc3 Nd7 10. b3 O-O 11. Be2 Rfe8 12. O-O Rad8 13. h3 Bg6 14. Rd1 a6 15. Qa3 Qc7 16. Rac1 Qb8 17. Qa5 Nc8 18. a4 Nd6 19. c5 Nf5 20. b4 e5 21. b5 axb5 22. axb5 exd4 23. Nxd4 Nxd4 24. Rxd4 Qe5 25. Qb4 Nf8 26. Rcd1 Ne6 27. R4d2 Qg5 28. Bg4 1/2-1/2

[Event "Ubeda op"]
[Site "Ubeda"]
[Date "1996.??.??"]
[Round "?"]
[White "Hodgson, Julian M"]
[Black "San Segundo Carrillo, Pablo"]
[Result "1/2-1/2"]
[WhiteElo "2615"]
[BlackElo "2535"]
[PlyCount "23"]
[EventDate "1996.01.??"]
[Source "ChessBase"]

1. d4 d5 2. Bg5 c6 3. Nf3 Qb6 4. b3 Bg4 5. c4 Nd7 6. Nc3 e6 7. c5 Qa5 8. Bd2 Qc7 9. e4 dxe4 10. Nxe4 Ngf6 11. Ng3 g6 12. h3 1/2-1/2

[Event "Open"]
[Site "Agios Nikolaos op"]
[Date "1995.??.??"]
[Round "4"]
[White "Miles, Anthony J"]
[Black "Skembris, Spyridon"]
[Result "1/2-1/2"]
[WhiteElo "2615"]
[BlackElo "2525"]
[PlyCount "34"]
[EventDate "1995.??.??"]
[Source "www.chesslib.no"]
[SourceDate "2004.05.04"]

1. d4 d5 2. Bg5 c6 3. e3 Nd7 4. Nf3 Ngf6 5. Nbd2 g6 6. Be2 Bg7 7. O-O O-O 8. Qb1 Re8 9. Rd1 e5 10. Ne4 Qc7 11. Rf1 Nb8 12. Ned2 Nfd7 13. Bd8 g5 14. Ne4 Nc5 15. Nxe5 Qd7 16. Nxg5 Kf8 17. g4 a5 1/2-1/2

[Event "Ubeda"]
[Site "?"]
[Date "1997.??.??"]
[Round "?"]
[White "Miles, A."]
[Black "Korneev, O."]
[Result "1/2-1/2"]
[WhiteElo "2550"]
[BlackElo "2590"]
[PlyCount "107"]
[EventDate "1997.??.??"]
[Source "ChessBase"]
[SourceDate "1996.10.01"]

1. d4 d5 2. Bg5 c6 3. e3 h6 4. Bf4 Bf5 5. c4 Bxb1 6. Qxb1 Nf6 7. Bd3 Qa5+ 8. b4 Qa4 9. Qb3 Qxb3 10. axb3 e5 11. Bxe5 Bxb4+ 12. Ke2 Nbd7 13. Bg3 O-O 14. Nf3 Rfe8 15. Rhc1 Bf8 16. Bf5 Nb6 17. Bc7 g6 18. Bh3 Be7 19. Nd2 Bd8 20. Bg3 a6 21. Kd3 Nh7 22. Bg4 h5 23. Bd1 Rc8 24. e4 Bg5 25. f4 dxe4+ 26. Nxe4 Be7 27. f5 gxf5 28. Nd6 Bxd6 29. Bxd6 Nf6 30. Bf3 Nbd7 31. Ra5 Ne4 32. Bf4 c5 33. Be3 b6 34. Raa1 cxd4 35. Bxd4 Ndc5+ 36. Kc2 b5 37. Bxc5 Rxc5 38. Rxa6 bxc4 39. b4 Rd5 40. Rd1 Rxd1 41. Bxd1 Rb8 42. Bxh5 Rxb4 43. Ra7 c3 44. Bxf7+ Kh8 45. Ra2 Rd4 46. Kb3 Kg7 47. Bh5 Rd3 48. Re2 Rd2 49. Rxd2 Nxd2+ 50. Kxc3 Nf1 51. h3 Ne3 52. Bf3 f4 53. Kd4 Nxg2 54. Bxg2 1/2-1/2

[Event "Ch team"]
[Site "?"]
[Date "2000.??.??"]
[Round "3"]
[White "Chernin Alexander"]
[Black "Horvath Jozsef"]
[Result "1/2-1/2"]
[WhiteElo "2583"]
[BlackElo "2557"]
[PlyCount "75"]
[EventDate "2000.??.??"]
[Source "www.chesslib.no"]
[SourceDate "2004.05.04"]

1. d4 d5 2. Bg5 h6 3. Bh4 c6 4. Nf3 Qb6 5. Qc1 Bf5 6. e3 Nd7 7. c4 e6 8. Nc3 Be7 9. Bg3 Ngf6 10. Be2 Ne4 11. Nxe4 Bxe4 12. O-O O-O 13. c5 Qd8 14. Nd2 Bg6 15. b4 Re8 16. b5 e5 17. bxc6 bxc6 18. Ba6 Rb8 19. Qc3 Bf6 20. Nb3 h5 21. h3 h4 22. Bh2 Re6 23. Rad1 Qf8 24. Na5 Bd8 25. Nb3 Bc7 26. Qc1 Bf5 27. Bd3 Bxd3 28. Rxd3 Qc8 29. Qa3 a5 30. dxe5 Nxe5 31. Bxe5 Bxe5 32. Nd4 Rg6 33. Kh1 Qa6 34. Rfd1 Rb4 35. Nb3 Bc7 36. Nd4 Be5 37. Nb3 Bc7 38. Nd4 1/2-1/2

[Event "WchT 4th"]
[Site "Luzern"]
[Date "1997.11.02"]
[Round "9"]
[White "Hodgson, Julian M"]
[Black "Minasian, Artashes"]
[Result "1/2-1/2"]
[WhiteElo "2590"]
[BlackElo "2545"]
[PlyCount "90"]
[EventDate "1997.10.??"]
[Source "ChessBase"]
[SourceDate "1998.01.31"]

1. d4 d5 2. Bg5 c6 3. e3 h6 4. Bh4 Qb6 5. b3 Bf5 6. Nf3 e6 7. Bd3 Bxd3 8. Qxd3 Be7 9. Bxe7 Nxe7 10. O-O Nd7 11. c4 O-O 12. Nc3 Rad8 13. Rfd1 Qa6 14. a4 Qa5 15. Rab1 Qb4 16. h3 Rfe8 17. Rdc1 Ng6 18. cxd5 exd5 19. Ne2 Nf6 20. Qc3 Qe7 21. Qc5 Rd6 22. Ng3 Ne4 23. Nxe4 dxe4 24. Nd2 Qd7 25. Qh5 Rd5 26. Qe2 Rg5 27. Rc5 Rxc5 28. dxc5 Qd5 29. b4 Qa2 30. Qe1 f5 31. Nb3 Ne5 32. Nd4 Nd3 33. Qf1 Rf8 34. Ra1 Qd5 35. f4 Nxb4 36. Rb1 a5 37. Qc1 Rf7 38. Qc3 Kh7 39. Nb3 Qd3 40. Rc1 Qxc3 41. Rxc3 Nd5 42. Rc1 Nxe3 43. Nxa5 Rd7 44. Kf2 Nd5 45. g3 Nb4 1/2-1/2

[Event "Open A"]
[Site "Zadar CRO"]
[Date "2007.12.22"]
[Round "9"]
[White "Miladinovic, I."]
[Black "Stevic, H."]
[Result "1/2-1/2"]
[WhiteElo "2603"]
[BlackElo "2531"]
[PlyCount "21"]
[EventDate "2007.12.16"]
[Source "www.chesslib.no"]
[SourceDate "2004.05.04"]

1. d4 d5 2. Bg5 h6 3. Bh4 c6 4. Nf3 Qb6 5. b3 Bf5 6. e3 e6 7. Bd3 Bxd3 8. Qxd3 Be7 9. Bxe7 Nxe7 10. O-O Nd7 11. c4 1/2-1/2

[Event "ESP-chT1"]
[Site "Mondariz Balneario"]
[Date "2002.09.14"]
[Round "6.1"]
[White "Bruzon Bautista, Lazaro"]
[Black "Flear, Glenn C"]
[Result "1-0"]
[WhiteElo "2595"]
[BlackElo "2538"]
[PlyCount "130"]
[EventDate "2002.09.04"]
[Source "ChessBase"]
[SourceDate "2002.11.06"]

1. d4 d5 2. Bg5 h6 3. Bh4 c6 4. Nf3 Qb6 5. Qc1 Bf5 6. c4 e6 7. Nc3 Nd7 8. c5 Qc7 9. e3 a5 10. Bg3 Qd8 11. a3 Ngf6 12. h3 a4 13. Be2 Be7 14. O-O Ne4 15. Bd1 Nxg3 16. fxg3 Qc7 17. g4 Bd3 18. Rf2 O-O 19. Bxa4 e5 20. Bc2 Bxc2 21. Qxc2 exd4 22. exd4 Nxc5 23. dxc5 Bxc5 24. Nxd5 cxd5 25. Kh1 Rac8 26. Rd2 Rfd8 27. Qd3 Qg3 28. Rad1 g6 29. Qf1 Rc6 30. Qe1 Qxe1+ 31. Rxe1 Rcd6 32. g3 Kf8 33. Kg2 Bb6 34. Ne5 Re6 35. Rde2 Kg7 36. Nd3 Rxe2+ 37. Rxe2 Rd7 38. Kf3 Bd4 39. Nf4 Bf6 40. Rd2 Kf8 41. b3 d4 42. Ke4 Re7+ 43. Kd5 Re1 44. a4 Rh1 45. Kc5 g5 46. Nd5 Be5 47. Kb6 Rxh3 48. Kxb7 Rxg3 49. b4 Ra3 50. a5 f5 51. gxf5 h5 52. Nb6 Bf4 53. Rxd4 h4 54. Nd5 Bd6 55. Rg4 Bxb4 56. a6 Bc5 57. Rxg5 h3 58. Rh5 Kg7 59. Nf4 Kf6 60. Nxh3 Be3 61. Rh8 Kxf5 62. Rf8+ Ke6 63. Nf4+ Kd6 64. Rd8+ Ke5 65. Nd5 Bg1 1-0

[Event "Cergy"]
[Site "?"]
[Date "2003.03.23"]
[Round "8"]
[White "Miladinovic Igor"]
[Black "Kazhgaleyev Murtas"]
[Result "1-0"]
[WhiteElo "2526"]
[BlackElo "2604"]
[PlyCount "117"]
[EventDate "2003.??.??"]
[Source "www.chesslib.no"]
[SourceDate "2004.05.04"]

1. d4 d5 2. Bg5 Nf6 3. Nd2 c5 4. dxc5 e6 5. e3 Bxc5 6. Ngf3 Nc6 7. c3 h6 8. Bh4 O-O 9. Be2 Be7 10. O-O e5 11. a4 Be6 12. Bb5 e4 13. Nd4 Bd7 14. N2b3 Ne5 15. Bg3 Bxb5 16. axb5 Nd3 17. Qe2 Nd7 18. f3 N7c5 19. Na5 Qb6 20. fxe4 dxe4 21. Nc4 Qd8 22. Qg4 g6 23. Nf5 h5 24. Qe2 Bf6 25. Bd6 gxf5 26. Rxf5 Ne6 27. Bxf8 Nxf8 28. Raf1 Bg7 29. Rxf7 Qd5 30. b3 Rd8 31. R1f5 Qxf7 32. Rxf7 Kxf7 33. Qxh5+ Kg8 34. Qh4 Ne6 35. Qxe4 Ndc5 36. Qg4 Nf8 37. h4 Nce6 38. h5 Kh8 39. Kh2 Rd5 40. e4 Rg5 41. Qf3 Kg8 42. e5 b6 43. Qb7 Rxh5+ 44. Kg1 Nf4 45. Nd6 N8e6 46. Qf7+ Kh7 47. g3 Ne2+ 48. Kg2 Rxe5 49. Nf5 Nxc3 50. Qh5+ Kg8 51. Ne7+ Kf8 52. Ng6+ Ke8 53. Nxe5+ Ke7 54. Nc6+ Kd6 55. Nxa7 Nd5 56. Kh2 Bd4 57. Nc6 Bc5 58. Qe5+ Kd7 59. Qxd5+ 1-0

[Event "Open"]
[Site "Neuchatel op"]
[Date "1993.??.??"]
[Round "5"]
[White "Hodgson, J."]
[Black "Baburin, Alexander E"]
[Result "0-1"]
[WhiteElo "2575"]
[BlackElo "2550"]
[PlyCount "108"]
[EventDate "1993.??.??"]
[Source "www.chesslib.no"]
[SourceDate "2004.05.04"]

1. d4 d5 2. Bg5 h6 3. Bh4 c6 4. Nf3 Qb6 5. Qc1 Bg4 6. Nbd2 e6 7. e3 Nd7 8. Bd3 Be7 9. Bg3 Ngf6 10. Ne5 Nxe5 11. Bxe5 O-O 12. c4 Nd7 13. h3 Nxe5 14. dxe5 Bh5 15. O-O f6 16. cxd5 cxd5 17. exf6 Bxf6 18. Nb3 Rfc8 19. Qd2 a5 20. Rac1 Qb4 21. Rxc8+ Rxc8 22. Rc1 Rc6 23. Rxc6 bxc6 24. Qc2 a4 25. Qxc6 axb3 26. Qxe6+ Kf8 27. Qc8+ Be8 28. Bg6 Qe7 29. Bxe8 Qxe8 30. Qc5+ Qe7 31. Qxd5 Qb4 32. g3 bxa2 33. Qxa2 Qxb2 34. Qxb2 Bxb2 35. f4 Ke7 36. Kf2 Kd6 37. Kf3 Kd5 38. h4 Bc1 39. g4 Ba3 40. h5 Be7 41. e4+ Kd4 42. e5 Kd5 43. Ke3 Ba3 44. Kf2 Bc1 45. Kf3 Bd2 46. g5 hxg5 47. fxg5 Bc3 48. Kf4 Ke6 49. Ke4 Bb2 50. g6 Bc1 51. Kd4 Bh6 52. Ke4 Bg5 53. Kd4 Kf5 54. Kd5 Kg4 0-1

[Event "CCAS Open"]
[Site "Cap d'Agde"]
[Date "2003.10.26"]
[Round "5"]
[White "Miladinovic, Igor"]
[Black "Fontaine, Robert"]
[Result "1-0"]
[WhiteElo "2599"]
[BlackElo "2526"]
[PlyCount "73"]
[EventDate "2003.10.23"]
[Source "Roberto Alvarez"]
[SourceDate "2003.11.10"]

1. d4 d5 2. Bg5 h6 3. Bh4 c6 4. Nf3 Qb6 5. Qc1 g5 6. Bg3 g4 7. Ne5 Qxd4 8. a4 Bg7 9. c3 Qe4 10. f3 gxf3 11. gxf3 Qf5 12. Nd3 Nd7 13. Na3 e5 14. Rg1 Ne7 15. Qd2 h5 16. Bf2 Bh6 17. Be3 Bxe3 18. Qxe3 Qf6 19. Bh3 Qh4+ 20. Nf2 Ng6 21. Rg5 Kf8 22. O-O-O b6 23. Bxd7 Bxd7 24. Nd3 d4 25. Qg1 dxc3 26. bxc3 Be6 27. Qe3 Qxa4 28. Nc2 e4 29. Nf4 Nxf4 30. Qxf4 Ke8 31. Qd6 exf3 32. Rdg1 Bg4 33. Re5+ Be6 34. Rxe6+ fxe6 35. Qxe6+ Kd8 36. Rd1+ Kc7 37. Rd7+ 1-0

[Event "otb"]
[Site "otb"]
[Date "2007.03.17"]
[Round "13"]
[White "Miladinovic Igor"]
[Black "Pikula Dejan"]
[Result "1/2-1/2"]
[WhiteElo "2607"]
[BlackElo "2513"]
[PlyCount "129"]
[Source "www.chesslib.no"]
[SourceDate "2004.05.04"]

1. d4 d5 2. Bg5 h6 3. Bh4 c6 4. Nf3 Qb6 5. b3 Bf5 6. e3 Nd7 7. Bd3 Bxd3 8. Qxd3 e6 9. O-O Be7 10. Bxe7 Nxe7 11. c4 Qa6 12. Nc3 O-O 13. a4 Rac8 14. Rfc1 Rfd8 15. Qf1 c5 16. cxd5 exd5 17. Nb5 cxd4 18. Nbxd4 Qxf1+ 19. Kxf1 a5 20. Ke2 b6 21. Ne1 Rxc1 22. Rxc1 Rc8 23. Rd1 Nc5 24. f3 Nc6 25. Nec2 Nxd4+ 26. Nxd4 g6 27. g4 Kg7 28. h4 Kf6 29. Rc1 Re8 30. Kd2 Rc8 31. Rc3 h5 32. g5+ Ke5 33. Rc1 Kd6 34. Ke2 Kd7 35. Rd1 Ke7 36. Rd2 Ne6 37. Nb5 Rc5 38. Kf2 Ng7 39. Nd4 Rc3 40. Rb2 Ne6 41. Nb5 Rc1 42. Rd2 Rc5 43. f4 Ng7 44. Nd4 Nf5 45. Nxf5+ gxf5 46. Ke2 Kd6 47. Kd3 Rc1 48. Rg2 Rd1+ 49. Kc3 Rc1+ 50. Kd3 Rd1+ 51. Kc2 Ra1 52. Rg3 Ra2+ 53. Kc3 Re2 54. b4 axb4+ 55. Kxb4 Rb2+ 56. Kc3 Rh2 57. g6 fxg6 58. Rxg6+ Kc5 59. Rg5 Rxh4 60. Rxf5 Rh3 61. Kd3 Rh1 62. Ke2 Kc6 63. Rf6+ Kc5 64. Rf5 Kc6 65. Rf6+ 1/2-1/2